00341cam a22000977a 4500008004000000082001900040245008600059260004100145300001100186700004600197180718b1977 xxu||||| |||| 00| 0 eng d aK1201x5462 H57 aCompilation of orders and circularscby Department of Personnel, Himachal Pradesh aSimlabDepartment of Personnelc1977 a159+p. aHiamchal Pradesh. Department of Personnel